Finančná analýza - nástroj riadenia efektívnosti podniku (Financial analysis as a direction tool of the company effectivity - Cestné a stavebné mechanizmy Tisovec a.s) [CD-ROM] : Diplomová práca

Saved in:
Bibliographic Details
Main Author: Bartová, Veronika, 1983- (Author)
Other Authors: Maletzová, Katarína (xxx)
Format: Manuscript Book
Language:Slovak
Published: Bratislava : STU v Bratislave SjF, 2008
Edition:1.vyd.
Subjects:
Tags: Add Tag
No Tags, Be the first to tag this record!

MARC

LEADER 00000ntm a22000003a 4500
001 stu176275
005 20150617225609.2
008 081126s2008----xo------------------slo-d
040 |a STU  |b slo 
041 0 |a slo 
044 |a xo 
100 1 |a Bartová, Veronika,  |d 1983-  |4 aut  |u J0070  |9 100  |U SjF Strojnícka fakulta  |T SjF Ústav výrobných systémov, enviromentálnej techniky a manažment kvality  |X 41583  |U J0070  |Y 804  |7 A000041583 
245 1 |a Finančná analýza - nástroj riadenia efektívnosti podniku (Financial analysis as a direction tool of the company effectivity - Cestné a stavebné mechanizmy Tisovec a.s) [CD-ROM] :  |b Diplomová práca 
250 |a 1.vyd. 
260 |a Bratislava :  |b STU v Bratislave SjF,  |c 2008 
300 |a 79 s 
650 7 |a finančná analýza  |2 stusub 
650 7 |a pomerové ukazovatele  |2 stusub 
650 7 |a optimálna hodnota  |2 stusub 
650 7 |a financial analysis  |2 estusub 
650 7 |a optimal value  |2 estusub 
700 1 |a Maletzová, Katarína  |4 xxx  |u J0070  |U SjF Strojnícka fakulta  |T SjF Ústav výrobných systémov, enviromentálnej techniky a manažment kvality  |U J0070  |Y 804 
700 1 |a Jerz, Vladimír,  |d 1957-  |4 csl  |u J0070  |U SjF Strojnícka fakulta  |T SjF Ústav výrobných systémov, enviromentálnej techniky a manažment kvality  |X 2407  |U J0070  |Y 804  |7 A000002407 
996 |b 284J035059  |c J*59/DP  |l JJSK  |s A  |a 24  |w stu176275_0001